Loading...

MYSORE: A GAZETTER COMPILED FOR GOVERNMENT (1897). VOL.I, PART II

Bibliographic Details
Main Author: RICE, LEWIS B
Format: Printed Book
Published: NEWDELHI SSDN PUBLISHERS AND DISTRIBUTORS 2014
Subjects:
LEADER 00710nam a2200229 4500
020 |c 0.0 
082 |a 954.87 RIC,I:2 
100 |a RICE, LEWIS B 
245 |a MYSORE: A GAZETTER COMPILED FOR GOVERNMENT (1897). VOL.I, PART II  |h ENGLISH 
250
260 |a NEWDELHI  |b SSDN PUBLISHERS AND DISTRIBUTORS  |c 2014 
300
500 |a   
501 |a General 
538
590
630
650 |a MYSORE-- A GAZETTER COMPILED FOR GOVERNMENT (1897). VOL.I-- PART II 
700
942 |c REF 
999 |c 179261  |d 179261 
952 |0 0  |1 0  |4 0  |6 954_870000000000000_RICI2  |7 0  |9 192624  |a AGY  |b AGY  |g 0.00  |l 0  |o 954.87 RIC,I:2  |p AGY3470  |r 2019-10-25  |w 2019-10-25  |y REF